| 000 | 02101pam a2200469 a 4500 | ||
|---|---|---|---|
| 001 | 3086688 | ||
| 003 | ost | ||
| 005 | 20140407102920.0 | ||
| 008 | 980407s1999 nyua c b 000 0beng | ||
| 010 | _a 98007217 | ||
| 020 | _a0590486705 | ||
| 040 |
_aDLC _cDLC _dDLC |
||
| 042 | _alcac | ||
| 043 |
_ae-uk--- _afw----- _af-nr--- |
||
| 050 | 0 | 0 |
_aDA 565.F67 _b.M94 1999 |
| 100 | 1 |
_aMyers, Walter Dean, _d1937- _924715 |
|
| 245 | 1 | 0 |
_aAt her majesty's request : _ban African princess in Victorian England / _cWalter Dean Myers. |
| 250 | _a1st ed. | ||
| 260 |
_aNew York : _bScholastic., _c1999. |
||
| 300 |
_axii, 146 p. : _bcol. ill. ; _c24 cm. |
||
| 504 | _aIncludes bibliographical references (p. 143). | ||
| 520 | _aBiography of the African princess saved from execution and taken to England where Queen Victoria oversaw her upbringing and where she lived for a time before marrying an African missionary. | ||
| 521 | _aG9 | ||
| 526 | _c1070 | ||
| 600 | 1 | 0 |
_aBonetta, Sarah Forbes, _db. 1843? _xJuvenile literature. |
| 600 | 0 | 0 |
_aVictoria, _cQueen of Great Britain, _d1819-1901 _xFriends and associates _xJuvenile literature. |
| 600 | 1 | 1 |
_aBonetta, Sarah Forbes, _db. 1843? |
| 600 | 0 | 1 |
_aVictoria, _cQueen of Great Britain, _d1819-1901 _xFriends and associates. |
| 650 | 0 |
_aMissionaries' spouses _zAfrica, West _xBiography _xJuvenile literature. |
|
| 650 | 0 |
_aAfricans _zGreat Britain _xHistory _y19th century _xJuvenile literature. |
|
| 650 | 0 |
_aPrincesses _zNigeria _zOyo State _xBiography _xJuvenile literature. |
|
| 650 | 0 |
_aNigerians _zGreat Britain _xBiography _xJuvenile literature. |
|
| 650 | 1 | _aPrincesses. | |
| 650 | 1 |
_aWomen _xBiography. |
|
| 651 | 0 |
_aGreat Britain _xCourt and courtiers _xHistory _y19th century _xJuvenile literature. |
|
| 651 | 1 |
_aGreat Britain _xCourt and courtiers. |
|
| 906 |
_a7 _bcbc _corignew _d1 _eocip _f19 _gy-gencatlg |
||
| 942 |
_2lcc _cBK |
||
| 999 |
_c42905 _d42905 |
||